Guess the Taylor Swift Song with No Hints - 32 - Statistics

General Stats
  • This quiz has been taken 50 times
  • The average score is 334 of 424
Answer Stats
Answer % Correct
a
100%
and
97%
And
97%
I
97%
in
97%
me
97%
me,
97%
my
97%
the
97%
The
97%
you
97%
You
97%
if
94%
is
94%
Is
94%
It
94%
it
94%
it,
94%
this
94%
to
94%
when
94%
When
94%
your
94%
Your
94%
all
91%
All
91%
I'm
91%
on
91%
that
91%
We
91%
we
91%
go
88%
love
88%
what
88%
but
85%
But
85%
how
85%
I'd
85%
of
85%
why
85%
know
82%
mine
82%
so
82%
So
82%
were
82%
been
79%
ever
79%
for
79%
had
79%
saw
79%
then
79%
time
79%
Because
76%
can't
76%
night
76%
sayin'
76%
there
76%
was
76%
You've
76%
back
74%
December
74%
December,
74%
first
74%
last
74%
out
74%
see
74%
talk,
74%
them
74%
up
74%
didn't
71%
front
71%
glad
71%
haven't
71%
mind
71%
pride
71%
seen
71%
sorry
71%
Standin'
71%
swallowin'
71%
arms
68%
miss
68%
Tell
68%
than
68%
turn
68%
while
68%
around
65%
cry
65%
door,
65%
family?
65%
gave
65%
good
65%
How's
65%
how's
65%
loved
65%
made
65%
right
65%
smile
65%
still
65%
think
65%
held
62%
left
62%
life?
62%
nothin'
62%
September
62%
change
59%
from
59%
guard
59%
into
59%
small
59%
thinkin'
59%
turns
59%
weather
59%
ain't
56%
die
56%
missin'
56%
realized
56%
roses
56%
sweet
56%
understand
56%
busier
53%
came,
53%
days,
53%
days
53%
fall
53%
make
53%
sleepin'
53%
tan
53%
These
53%
times
53%
Wishin'
53%
again,
50%
burned
50%
chain
50%
cold
50%
dreamin'
50%
freedom
50%
goodbye
50%
own
50%
Probably
50%
skin,
50%
about
47%
alright
47%
Maybe
47%
wishful
47%
birthday
44%
call
44%
mindless
44%
side
44%
Stayin'
44%
summer,
44%
swear
44%
work
44%
myself
41%
passed
41%
playin'
41%
beautiful
38%
dark
35%
leavin'
35%
passenger's
35%
watched
35%
crept
32%
laughin'
32%
fear
29%
No matching quizzes found
Score Distribution
Percent of People with Each Score
Percentile by Number Answered
Your Score History
You have not taken this quiz